| 000 | 00401nam a22001457a 4500 | ||
|---|---|---|---|
| 003 | OSt | ||
| 008 | 250212b |||||||| |||| 00| 0 eng d | ||
| 020 | _a9789348140012 | ||
| 100 | _aMISHRA, Akhilesh Kumar | ||
| 245 | _aHR Innovation: Transforming the Workforce for 21st Century | ||
| 260 |
_aNew Delhi _bNaples India: _c2024. |
||
| 300 | _a347p. | ||
| 650 | _aFaculty Publication | ||
| 942 |
_2ddc _cBK |
||
| 999 |
_c13096 _d13096 |
||